New York New York / [4]

Saved in:
Bibliografiske detaljer
Hovedforfatter: Ragawa, Marimo
Format: Bog
Udgivet: Modena : Planet Manga, ©1999
Tags: Tilføj Tag
Ingen Tags, Vær først til at tagge denne postø!

MARC

LEADER 00000nam a22000007ic4500
001 CDOM0000004804
003 mi
005 20250812173307.0
008 210825s1999 it |||||| ||||| |||||c
020 |a 9788883430091 
040 |c mi 
100 |a Ragawa, Marimo 
245 1 |a New York New York /  |c Marimo Ragawa  |n [4] 
260 |a Modena :  |b Planet Manga,  |c ©1999 
300 |a 208 p.  |b fumetti ;  |c 18 cm. 
942 |2 ddc  |c BK 
952 |0 0  |1 0  |2 ddc  |4 0  |6 B_FOR02RAGMANEW41  |7 0  |9 7526  |a MI  |b MI  |d 2011-07-04  |i 4280  |l 0  |o B-FOR02-RAGMA-NEW41  |p CDOM4280  |r 2025-07-13 16:28:00  |w 2025-07-13  |y BK 
999 |c 6218  |d 6218